000 01051nas a2200325 4500
001 BR2018002624
003 BR-BrBNA
005 20231205131511.0
007 ta
008 230509b bl.|||p| |||| 00| 00por d
040 _aBR-BrBNA
_bpor
_cBiblioteca Nacional de Agricultura
041 _a(En)
072 _aP33; P34
100 1 _aBonetti, J. de A.
100 1 _aPaulino, H.B.
100 1 _aSouza, E.D. de
100 1 _aCarneiro, M.A.C.
100 1 _aCaetano, J.O.
245 1 _aSoil physical and biological properties in an integrated crop-livestock system in the Brazilian Cerrado
650 _aLAVOURA
650 _aPECUÁRIA
650 _aINTEGRAÇÃO
650 _aANÁLISE DO SOLO
650 _aMICROBIOLOGIA DO SOLO
650 _aPLANTIO DIRETO
773 0 _tPesquisa Agropecuária Brasileira (Brazil)
_xISSN 1678-3921
_g(Nov 2018), v. 53(11) p. 1239-1247
_wBR2018002624
856 4 0 _uhttp://www.scielo.br/pdf/pab/v53n11/1678-3921-pab-53-11-1239.pdf
909 _a202311
_bLúcia
_c55
_dLúcia Elande
942 _2AGRIS
_n0
_cANA
999 _c255149
_d255149